000 01118cam a2200241 4500
008 040423n2004 000 0 eng u
020 _a1860816800
035 _a(Sirsi) u125925
041 _aeng
050 _a693.5
_c18
100 _aHolton, I.
245 _aSelf-compacting concrete
260 _aWatford
_bBRE
_c2004
300 _a8p.
_c30cm.
490 _aBRE Information Paper
_v3/04
520 _aThis information paper provides an introduction to the use of self-compacting concrete which was originally developed in Japan to bring improved quality and durability to the concrete construction process. Over the last 10 years it has become increasingly used in Europe and other parts of the world for both pre-cast and cast in situ concrete, where its benefits also include reduced health and safety risks, increased productivity, and cost and labour savings.
650 _aCONCRETE
650 _aSELF-COMPACTING CONCRETE
690 _aBUILT ENVIRONMENT-BUILDING MATERIALS
710 _aBuilding Research Establishment
710 _aUnited Kingdom
_bDepartment of Trade and Industry
942 _n0
999 _c103507
_d103507